Allgemeinwissen Spezial 4 - Statistiken

Allgemein
  • Dieses Quiz wurde 97 mal gespielt
  • Das Durchschnittsergebnis liegt bei 5 aus 20
Antwortstatistiken
Hint Antwort % Korrekt
Wie heißt eine berühmte amerikanische Gefängnisinsel ? Alcatraz
68%
Wann wurde in Deutschland die Wehrpflicht ausgesetzt ? 2011
52%
Welches Ereignis gilt als Auslöser des 30 jährigen Krieges ? Prager Fenstersturz
52%
Wie heißt die Londoner Kriminalpolizei ? Scotland Yard
48%
Welche deutsche Stadt wurde unter Karl dem Großen zur Machtzentrale ? Aachen
44%
In welcher Zeit-Epoche starben die Dinosaurier aus ? Kreide
39%
Wer war als „Eiserne Lady“ bekannt ? Margaret Thatcher
31%
Unter welchem Synonym veröffentliche Eminem schon Alben ? Slim Shady
27%
In welchem Land wurde der VW Käfer am häufigsten verkauft ? Mexiko
21%
Was müssen Ärzte ablegen um praktizieren zu dürfen ? Hippokratischer Eid
20%
Welchen Titel hatten die Anführer der Stadt Venedig ? Dogen
19%
Gegen wen erfolgte der Kopfstoß von Zinedine Zidane ? Marco Materazzi
12%
Welcher Reederei gehörte die Titanic ? White Star Line
12%
Wie heißt der höchste Berg Nordamerikas ? MountMcKinley
9%
Welcher Bundesliga Trainer hatte die längste Amtszeit ? Volker Finke
8%
Wann war der D-Day ? 6. Juni 1944
7%
Welcher deutsche Kaiser ertrank auf einem Kreuzzug ? Friedrich Barbarossa
7%
Wer ließ das Schloss Neuschwanstein errichten ? Ludwig der 2.
7%
Welche 2 Computerspiele wurden am häufigsten verkauft ? Minecraft, GTA 5
5%
Welcher Vulkan brach 2010 aus verursachte dadurch viele Ausfälle im europäischen Flugverkehr ? Eyjafjallajökull
4%
Keine übereinstimmenden Quizze gefunden
Verteilung der Resultate
Anzahl Personen mit jedem Resultat
Perzentil nach korrekt beantworteten Fragen
Ihre Resultats-Entwicklung
Sie haben dieses Quiz noch nicht gespielt